| 000 | 01233cad a22002415a 4500 | ||
|---|---|---|---|
| 001 | L143214 | ||
| 008 | 080416e20080326xxk f s 000 0 eng d | ||
| 035 | _a(Sirsi) u143214 | ||
| 041 | 0 | _aeng | |
| 050 | 0 | 4 | _a630.026 $2 18 |
| 100 | 1 | _aWinter, Michael | |
| 245 | 0 | 0 |
_aTrends in agricultural tenure in England and Wales _b1990-2007 _h[electronic resource] |
| 260 |
_aLondon _bRICS _c2008 |
||
| 520 | _aPresents the results of a comparison between two surveys of land tenure across England and Wales. The surveys were undertaken in 1990 and 2007. The purpose of the comparison was to determine the effects of the Agricultural Tenancies Act 1995. Finds that there has been no fundamental shift from owner occupation towards conventional tenancies. However the increase in owner-occupation which had been constant since 1918 appears to have halted. | ||
| 521 | 2 | _aAdvanced | |
| 590 | _aKA | ||
| 650 | 2 | 4 | _aAGRICULTURAL TENANCIES ACT 1995 |
| 651 | 4 |
_aEngland and Wales _y1543- |
|
| 690 | _aPROPERTY-LANDLORD AND TENANT-TENANCIES-AGRICULTURAL TENANCIES | ||
| 700 | 1 | _aButler, Allan | |
| 856 | 4 | 0 |
_uhttps://www.rics.org/site/scripts/download_info.aspx?downloadID=3157 _zView the item free of charge at www.rics.org... |
| 942 | _n0 | ||
| 999 |
_c108105 _d108105 |
||